000
00291cam a22001217a 4500
008
180718b2002 xxu||||| |||| 00| 0 eng d
082
_a
A7 In8/02
245
_a
World Bank Atlas, 2002
260
_a
Washington, D.C.
_b
World Bank
_c
2002
300
_a
64p.
650
_a
IBRD
650
_a
Atlases
999
_c
287713
_d
287713